| 000 | 01558cam a22004094a 4500 | ||
|---|---|---|---|
| 001 | 16068492 | ||
| 003 | OSt | ||
| 005 | 20140310182502.0 | ||
| 008 | 100122s2010 paua b 001 0 eng | ||
| 010 | _a 2010003032 | ||
| 016 | 7 |
_a101523333 _2DNLM |
|
| 020 | _a9780443066863 | ||
| 020 | _a0443066868 | ||
| 035 | _a(OCoLC)ocn502393354 | ||
| 040 |
_aDNLM/DLC _cDLC _dYDX _dBTCTA _dNLM _dYDXCP _dDLC |
||
| 042 | _apcc | ||
| 050 | 0 | 0 |
_aRC 683.5.M35 _b.M364 2010 |
| 100 |
_aWarren J. Manning _98540 |
||
| 245 | 0 | 0 |
_aCardiovascular magnetic resonance / _c[edited by] Warren J. Manning, Dudley J. Pennell. |
| 250 | _a2nd ed. | ||
| 260 |
_aPhiladelphia, PA : _bSaunders/Elsevier, _cc2010. |
||
| 300 |
_a643 p. : _bill. (some col.) ; _c29 cm. |
||
| 500 | _aRev. ed. of: Cardiovascular magnetic resonance / Warren J. Manning, Dudley J. Pennell. 1st ed. 2002. | ||
| 504 | _aIncludes bibliographical references and index. | ||
| 521 | _aCollege Student | ||
| 650 | 0 |
_aHeart _xMagnetic resonance imaging. _98703 |
|
| 650 | 1 | 2 |
_aCardiovascular Diseases _xdiagnosis. _98704 |
| 650 | 1 | 2 |
_aMagnetic Resonance Imaging _xmethods. _98705 |
| 650 | 2 | 2 |
_aDiagnostic Techniques, Cardiovascular. _98706 |
| 700 | 1 |
_aManning, Warren J. _98544 |
|
| 700 | 1 |
_aPennell, Dudley J., _d1958- _98707 |
|
| 700 | 1 |
_aManning, Warren J. _tCardiovascular magnetic resonance. _98708 |
|
| 906 |
_a7 _bcbc _corignew _d1 _eecip _f20 _gy-gencatlg |
||
| 942 |
_2lcc _cSSLC |
||
| 999 |
_c13818 _d13818 |
||